000 00897nam a22002537a 4500
001 6346
003 FISKH
005 20250423102907.0
008 250423b cb ||||| |||| 00| 0 eng d
020 _a9781848106413
040 _aFISKH
_beng
_cFISKH
_dFISKH
050 _aPZ7
082 _a608
100 _aParker, Steve
245 _aInside Gadgets
_cBy Steve Parker ; Illustrated by Alex Pang
250 _aThis edition printed in 2012
260 _aThaxted :
_bMiles Kelly,
_c2009
300 _a40 pages :
_bcolor illustrations ;
_c28 cm
520 _aTake a detailed look at how things work with this series. Highly detailed, realistic artwork is presented with cutaways and exploded views to help children understand each idea. Clear text accompanies each topic.
650 _aGadgets
_vDevice
700 _aPang, Alex
_eillustrator
942 _2ddc
_cBK
_n0
999 _c6346
_d6346